Biosensors (Record no. 28906)

MARC details
000 -LEADER
fixed length control field 00424nam a22001697a 4500
003 - CONTROL NUMBER IDENTIFIER
control field OSt
005 - DATE AND TIME OF LATEST TRANSACTION
control field 20250912122712.0
008 - FIXED-LENGTH DATA ELEMENTS--GENERAL INFORMATION
fixed length control field 250305b |||||||| |||| 00| 0 eng d
020 ## - INTERNATIONAL STANDARD BOOK NUMBER
International Standard Book Number 97895316592
082 ## - DEWEY DECIMAL CLASSIFICATION NUMBER
Classification number 610.28
Item number R47B
245 ## - TITLE STATEMENT
Title Biosensors
Statement of responsibility, etc Edited By Toonika Rinken
260 ## - PUBLICATION, DISTRIBUTION, ETC. (IMPRINT)
Place of publication, distribution, etc Croatia
Name of publisher, distributor, etc InTech
Date of publication, distribution, etc 2016
300 ## - PHYSICAL DESCRIPTION
Extent vii,292p.
Accompanying material Hbk
653 ## - INDEX TERM--UNCONTROLLED
Uncontrolled term Biosensors
700 ## - ADDED ENTRY--PERSONAL NAME
Personal name Rinken, Toonika
Relator term Editor
942 ## - ADDED ENTRY ELEMENTS (KOHA)
Source of classification or shelving scheme Dewey Decimal Classification
Koha item type Books
Holdings
Withdrawn status Lost status Source of classification or shelving scheme Damaged status Not for loan Collection code Home library Current library Date acquired Source of acquisition Total Checkouts Full call number Barcode Date last seen Price effective from Koha item type
    Dewey Decimal Classification     General Text Book Central University Of Rajasthan Central University Of Rajasthan 12/09/2025 BME   610.28 R47B 046789 12/09/2025 12/09/2025 Books